Estadísticas para Geografía de Santos

Haz click aquí para intentar la prueba.

Estadísticas generales

  • Esta prueba ha sido intentada 1.847 veces
  • La puntuación promedio es 21 de 50

Estadísticas de respuestas

PistaLugar% Correcto
La capital chilenaSantiago
93%
Antiguamente nombrado "Leningrado"San Petersburgo
88%
El único país que lleva el nombre de una mujerSanta Lucía
85%
La capital de Costa RicaSan Jose
83%
La capital de la República DominicanaSanto Domingo
82%
La capital de Puerto RicoSan Juan
80%
La capital de El SalvadorSan Salvador
77%
El país insular en el golfo de GuineaSanto Tomé y Príncipe
75%
El homólogo de las GranadinasSan Vicente
74%
El homólogo de las NievesSan Cristóbal
73%
La república más antigua del mundoSan Marino
73%
La capital de CantabriaSantander
73%
La ciudad más grande del hemisferio surSão Paulo
71%
El "área de la bahía de..."San Francisco
66%
La falla transformante en CaliforniaSan Andrés
51%
La sede de los Juegos Olímpicos de 1904San Luis
50%
La colectividad territorial francesa ubicada cerca de CanadáSan Pedro y Miquelón
49%
La segunda ciudad más poblada de HondurasSan Pedro Sula
48%
Donde "Anchorman" tiene lugarSan Diego
47%
La isla donde Napoleón murióSanta Elena
46%
La isla caribeña compartida por Francia y Países BajosSan Martín
45%
Las islas más grandes de las Islas Virgenes (nombra una de los dos)Santo Tomás /
Santa Cruz
43%
La ciudad de la batalla de El ÁlamoSan Antonio
41%
La basílica en VeneciaSan Marcos
39%
La capital de Nuevo MéxicoSanta Fe
38%
Era una iglesia, después una mezquita, luego un museo, y ahora una mezquitaSanta Sofía
38%
La ciudad ubicada en el sur de Baja California: Cabo ____ _____San Lucas
35%
La ciudad más poblada de BoliviaSanta Cruz
35%
La catedral más famosa de MoscúSan Basilio
34%
La ciudad turística en el País Vasco cerca de la frontera con FranciaSan Sebastián
34%
La capital de GranadaSaint George
33%
El suburbio de Los Ángeles donde la Ruta 66 terminaSanta Monica
28%
El volcán de las Cascadas que entró en erupción en 1980Monte Santa Helena
26%
El río que fluye por la ciudad de Quebec y MontrealSan Lorenzo
24%
La ciudad más poblada del norte de ArgentinaSan Miguel
de Tucumán
24%
La cathedral famosa de Viena o también la fiesta del 26 de diciembreSan Esteban
22%
La catedral más grande de Nueva York (ciudad)San Patricio
21%
Un estado en el sur de BrasilSanta Catarina
21%
La isla caribeña de Francia antiguamente colonizada por SueciaSan Bartolomé
19%
La sede del condado de Orange en CaliforniaSanta Ana
17%
El valle donde "Valley Girls" tiene lugarSan Fernando
16%
La ciudad más antigua de los Estados UnidosSan Agustín
14%
La ciudad suiza que fue sede de los Juegos Olímpicos de Invierno dos vecesSankt Moritz
14%
Conocido en inglés como la "American Riviera"Santa Bárbara
14%
La capital de la isla francesa de RéunionSaint-Denis
12%
Un distrito de Montreal o una elegante casa de moda francesaSaint-Laurent
12%
La isla neerlandesa 11 kilómetros al norte de la respuesta anteriorSan Eustaquio
10%
El lugar del campo de golf más antiguo del mundoSaint Andrews
9%
La ciudad francesa que comparte su nombre con una banda británicaSaint-Étienne
7%
La capital y ciudad más poblada de Baja AustriaSankt Pölten
6%

Distribución de puntuación

Porcentaje por número respondido

Porcentaje de gente con cada puntuación

Historial de tus puntuaciones

No has intentado esta prueba.